| 000 | 00745nam a22002057a 4500 | ||
|---|---|---|---|
| 005 | 2010081401351.0 | ||
| 010 | _aENG-100657 | ||
| 020 |
_a9788190901376 _c595.00 |
||
| 035 | _aEN-84190 | ||
| 037 | _bDBAD/PUB | ||
| 082 | _a808.883 | ||
| 100 |
_aTejani, Mohezin _914108 |
||
| 245 |
_aThank you, IDI amin: _cby Mohezin Tejani _ba memoir of the Asian exodus / |
||
| 260 |
_aNew Delhi _bGlobal Vision Press _c2010 |
||
| 270 |
_bNew Delhi _e110002 _a4855/24, Ansari Road, Daryaganj, |
||
| 300 |
_axiii, 256p. _c22cm (Hb) |
||
| 650 |
_aMemoire _914109 |
||
| 942 |
_2ddc _cEN _h808.883 _mTEJ |
||
| 999 |
_c42201 _d42201 |
||